| 000 | 01202cab a2200325 4500 | ||
|---|---|---|---|
| 001 | ABS55744 | ||
| 008 | 090401t1996 xxu||||| |||| 00| 0 eng d | ||
| 035 | _a(Sirsi) u18509 | ||
| 041 | _aeng | ||
| 100 | _aAdams, A. | ||
| 245 | _aAppraisal of over-rented property | ||
| 260 | _c1996 | ||
| 350 | _a0 | ||
| 490 |
_aJournal of Property Finance _v7(3) 1996, 7-22(16) |
||
| 520 | _aSets out a range of alternative discounted cash flow (DCF) models which highlight the risk characteristics of over-rented property indicating the important financial issues to be considered in the appraisal process. These include `super-geared equity, contemporary property appraisal and convertible bond appraisal. Worked examples. | ||
| 650 | _aAPPRAISAL | ||
| 650 | _aCONTEMPORARY PROPERTY APPRAISAL APPROACH | ||
| 650 | _aCONVERTIBLE BOND APPRAISAL APPROACH | ||
| 650 | _aDISCOUNTED CASH FLOW TECHNIQUES | ||
| 650 | _aDISCOUNTED CASH FLOW | ||
| 650 | _aMODELS | ||
| 650 | _aOVER-RENTED PROPERTY | ||
| 650 | _aRISK | ||
| 650 | _aSUPER-GEARED EQUITY APPROACH | ||
| 650 | _aVALUATION ISSUES | ||
| 650 | _aWORKED EXAMPLES | ||
| 690 | _aRATING AND VALUATION | ||
| 942 | _n0 | ||
| 948 | _c04/03/1997 | ||
| 999 |
_c12308 _d12308 |
||